000 00261nam a22001097a 4500
008 170120b xxu||||| |||| 00| 0 eng d
020 _a9781933107820
041 _aeng
080 _28TH
_a618.2
245 _aRN NUSING CARE OF CHILDREN
_cKNIPPA, A
942 _2udc
_cBK
999 _c3258
_d3258